| 000 | 01041nam a2200277 a 4500 | ||
|---|---|---|---|
| 001 | 000023241 | ||
| 005 | 20240412175950.0 | ||
| 008 | 101130s1992 ag ac r 000 0 spa d | ||
| 020 | _a9506942196 | ||
| 040 |
_aDO-SdBNP _bspa _cBNPHU |
||
| 082 |
_a362.293 _bI35d |
||
| 100 | 1 |
_aInaba, Darryl S. _947862 |
|
| 245 | 1 | 0 |
_aDrogas : _bestimulantes, depresores, alucinógenos, efectos físicos y mentales del abuso de drogas / _cDarryl S. Inaba , William E. Cohen ; traducción Cristina Piña. |
| 260 |
_aBuenos Aires, Argentina : _bGrupo Editorial Latinoamericano, _c1992. |
||
| 300 |
_a287 p. : _bil., retrs. ; _c22 cm. |
||
| 490 | 1 | _aControversia | |
| 500 | _aIncluye bibliografía p. [285-287]. | ||
| 534 | _aUprers, downers, all arounders. physical and mental effects of drugs of abuse | ||
| 650 | 0 |
_aMedicamentos _913950 |
|
| 650 | 4 |
_aDrogas alucinógenas _947863 |
|
| 650 | 4 |
_aEstimulantes _947864 |
|
| 700 | 1 |
_aCohen, William E. _947865 |
|
| 700 | 1 |
_aPiña, Cristina, _etr. _947086 |
|
| 830 | 0 |
_aControversia _947866 |
|
| 049 | _aBNGR | ||
| 999 |
_c22738 _d22738 |
||